Football League First Division 1991-92 - Statistics

General Stats
  • This quiz has been taken 15 times
  • The average score is 17 of 22
Answer Stats
Answer % Correct
Arsenal
93%
Aston Villa
93%
Everton
93%
Leeds United
93%
Liverpool
93%
Manchester United
93%
Sheffield Wednesday
93%
Manchester City
87%
Norwich City
80%
Nottingham Forest
80%
Southampton
80%
West Ham United
80%
Wimbledon
80%
Chelsea
73%
Luton Town
73%
Queens Park Rangers
73%
Sheffield United
73%
Coventry City
67%
Crystal Palace
67%
Notts County
40%
Oldham Athletic
40%
Tottenham Hotspurs
27%
No matching quizzes found
Score Distribution
Percent of People with Each Score
Percentile by Number Answered
Your Score History
You have not taken this quiz